000 00469nam a2200181Ia 4500
005 20250508161637.0
008 008 250505s9999 xx 000 0 eng d
037 _aReference
040 _aFEDL
_beng
_cFEDL
041 _aeng
_2eng
084 _a912, GOO
_qFEDL
245 0 _aGoodes world atlas
250 _a30th
260 _aChicago
_bRand McNally and Company
_c1964
300 _axii,315p.
942 _cREF
_h912, GOO
999 _c1371296
_d1371296